书目信息 |
| 题名: |
中国建筑节能路线图
|
|
| 作者: | 彭琛 , 江亿 著 | |
| 分册: | ||
| 出版信息: | 北京 中国建筑工业出版社 2015 |
|
| 页数: | 231页 | |
| 开本: | 25cm | |
| 丛书名: | 中国建筑节能发展研究丛书 | |
| 单 册: | ||
| 中图分类: | TU111.4 | |
| 科图分类: | ||
| 主题词: | 建筑--节能--研究--中国 | |
| 电子资源: | ||
| ISBN: | 978-7-112-18901-4 | |
| 000 | 01063nam0 2200277 450 | |
| 001 | 0100004041 | |
| 005 | 20190311094010.81 | |
| 010 | @a978-7-112-18901-4@dCNY62.00 | |
| 100 | @a20160428d2015 em y0chiy50 ea | |
| 101 | 0 | @achi |
| 102 | @aCN@b110000 | |
| 105 | @ay z 000yy | |
| 200 | 1 | @a中国建筑节能路线图@Azhong guo jian zhu jie neng lu xian tu@f彭琛,江亿著 |
| 210 | @a北京@c中国建筑工业出版社@d2015 | |
| 215 | @a231页@d25cm | |
| 225 | 2 | @a中国建筑节能发展研究丛书 |
| 300 | @a“十二五”国家重点图书 | |
| 312 | @a封面英文题名:Roadmap for China's building energy conservation | |
| 330 | @a本书从生态文明的理念出发,系统地讨论了建筑能耗总量控制的目标和路线。全书共分三篇,主要内容包括:能耗总量问题研究、中国建筑节能路线、我国建筑用能总量规划与发展分析,附录介绍了开展宏观建筑能耗分析的工具模型。 | |
| 410 | 0 | @12001 @a中国建筑节能发展研究丛书 |
| 606 | 0 | @a建筑@x节能@x研究@y中国 |
| 690 | @aTU111.4@v5 | |
| 701 | 0 | @a彭琛@Apeng chen@4著 |
| 701 | 0 | @a江亿@Ajiang yi@4著 |
| 801 | 0 | @aCN@c20160515 |
| 905 | @a河南城建学院图书馆@dTU111.4@eP455 | |
| 中国建筑节能路线图/彭琛,江亿著.-北京:中国建筑工业出版社,2015 |
| 231页;25cm.-(中国建筑节能发展研究丛书) |
| “十二五”国家重点图书 |
| ISBN 978-7-112-18901-4:CNY62.00 |
| 本书从生态文明的理念出发,系统地讨论了建筑能耗总量控制的目标和路线。全书共分三篇,主要内容包括:能耗总量问题研究、中国建筑节能路线、我国建筑用能总量规划与发展分析,附录介绍了开展宏观建筑能耗分析的工具模型。 |
| ● |
| 相关链接 |
|
|
|
正题名:中国建筑节能路线图
索取号:TU111.4/P455
 
预约/预借
| 序号 | 登录号 | 条形码 | 馆藏地/架位号 | 状态 | 备注 |
| 1 | 1243912 | 212439128 | 建筑库101/101建筑库 24排3列4层/ [索取号:TU111.4/P455] | 在馆 | |
| 2 | 1283059 | 212830597 | 建筑库101/101建筑库 24排3列4层/ [索取号:TU111.4/P455] | 在馆 | |
| 3 | 1283060 | 212830604 | 建筑库101/101建筑库 24排3列4层/ [索取号:TU111.4/P455] | 在馆 | |
| 4 | 1283061 | 212830613 | 建筑库101/101建筑库 24排3列4层/ [索取号:TU111.4/P455] | 在馆 |